Innovations and latest trends in education / (Record no. 84950)
[ view plain ]
| 000 -LEADER | |
|---|---|
| fixed length control field | 00781cam8a220025300 4500 |
| 001 - CONTROL NUMBER | |
| control field | lce00219406 |
| 008 - FIXED-LENGTH DATA ELEMENTS--GENERAL INFORMATION | |
| fixed length control field | 781025s1976 ii b 000 0 eng |
| 010 ## - LIBRARY OF CONGRESS CONTROL NUMBER | |
| LC control number | 76901043 |
| 020 ## - INTERNATIONAL STANDARD BOOK NUMBER | |
| Terms of availability | Rs30.00 |
| 035 ## - SYSTEM CONTROL NUMBER | |
| System control number | (Sirsi) r81973 |
| 035 ## - SYSTEM CONTROL NUMBER | |
| System control number | (DLC) 76901043 |
| 035 ## - SYSTEM CONTROL NUMBER | |
| System control number | (UPRA)lce00219406 |
| 043 ## - GEOGRAPHIC AREA CODE | |
| Geographic area code | a-ii--- |
| 050 0# - LIBRARY OF CONGRESS CALL NUMBER | |
| Classification number | LB1727.I5 |
| Item number | S33 |
| 082 ## - DEWEY DECIMAL CLASSIFICATION NUMBER | |
| Classification number | 370/.954 |
| 100 1# - MAIN ENTRY--PERSONAL NAME | |
| Personal name | Safaya, Raghunath. |
| Linkage | A41774.1 |
| 245 10 - TITLE STATEMENT | |
| Title | Innovations and latest trends in education / |
| Statement of responsibility, etc. | Raghunath Safaya. |
| 250 ## - EDITION STATEMENT | |
| Edition statement | 1st ed. |
| 260 ## - PUBLICATION, DISTRIBUTION, ETC. | |
| Place of publication, distribution, etc. | Ambala Cantt. : |
| Name of publisher, distributor, etc. | Associated Publishers, |
| Date of publication, distribution, etc. | 1976. |
| 504 ## - BIBLIOGRAPHY, ETC. NOTE | |
| Bibliography, etc. note | Includes bibliographical references. |
| 650 #0 - SUBJECT ADDED ENTRY--TOPICAL TERM | |
| Topical term or geographic name entry element | Education -- India. |
| Geographic subdivision | Education -- India. |
| Linkage | S27482.1 |
| 949 ## - LOCAL PROCESSING INFORMATION (OCLC) | |
| a | LB1727.I5 |
| w | lcc |
| i | 33729005787770 |
| m | MAIN |
| t | BOOK |
| l | ON-SHELF |
No items available.